000 00757nam a22001937a 4500
999 _c14409
_d14409
008 190917b ||||| |||| 00| 0 eng d
020 _a9789715508605
082 _22018
_aDFil 001.42
_bT736
100 _aTrinidad, Jose Eos
_939729
245 _aResearching Philippine realities:
_bguide to qualitative, quantitative and humanities research/
_cJose Eos Trinidad
260 _aQuezon City:
_bBlueBooks,
_cc2018.
300 _a260 pages;
_b23 cm.
500 _aIncludes index.
650 _aResearch--Philippines--Guidebooks
_939730
650 _aQualitative research--Philippines--Guidebooks
_939731
650 _aQuantitative research--Philippines--Guidebooks
_939732
650 _aHumanities--Research--Philippines--Guidebooks
_939733
942 _2ddc
_cDFIL